| 000 | 00838nam a2200193 i 4500 | ||
|---|---|---|---|
| 001 | 73727 | ||
| 003 | ES-MaACL | ||
| 005 | 20230906171915.0 | ||
| 007 | t| | ||
| 008 | 040910s1932 sp ||||1| spa d | ||
| 100 | 1 |
_aGóngora y Argote, Luis de. _958246 |
|
| 245 | 1 | 0 |
_aObras completas / _cLuis de Góngora y Argote ; edición de Juan Millé y Giménez e Isabel Millé y Giménez. |
| 260 |
_aMadrid : _bM. Aguilar, _c[1932] ( _fBlass) |
||
| 300 |
_a1342 p. : _bret., il. ; _c18 cm. |
||
| 505 | 8 | _aContiene: Romances ; Sonetos ; Poemas ; Obras dramáticas ; Epistolario ; Indice de las personas mencionadas en el texto de las cartas ; Indice de las poesías que han sido atribuídas a Don Luis de Góngora | |
| 700 | 1 |
_aMillé y Giménez, Juan. _981195 |
|
| 700 | 1 |
_aMillé Giménez, Isabel. _981194 |
|
| 852 |
_aES-MaACL _jA-992 _bR.11257 |
||
| 999 |
_c73727 _d73727 |
||